Discricionariedade, regulação e reflexividade : (Record no. 183)

MARC details
000 -LÍDER
Campo Fixo de Controle 00864cam a2200253 a 4500
001 - NÚMERO DE CONTROLE
Campo de Controle 183
003 - IDENTIFICAÇÃO DO NÚMERO DE CONTROLE
Campo de Controle BR-CuiBMT
005 - DATA E HORA DA ÚLTIMA ATUALIZAÇÃO
Campo de Controle 20231120025141.0
008 - DADOS FIXOS
Dados Fixos 230824s2021 mgb 000 0 por d
020 ## - INTERNATIONAL STANDARD BOOK NUMBER
Nº do ISBN 9786555181814
040 ## - AGÊNCIA CATALOGADORA
Código da Agência Catalogadora BR-CuiBMT
Agência que transcreveu o registro BR-CuiBMT
080 ## - Nº DA CLASSIFICAÇÃO DECIMAL UNIVERSAL
Nº edição CDU 2007
Nº Class. CDU 35.077.2
090 ## - NÚMERO DE CHAMADA
Nº classificação 35.077.2
Cutter G934d
Ano/Edição 6. ed.
100 1# - ENTRADA PRINCIPAL -- AUTOR PESSOAL
Nome pessoal Guerra, Sérgio
245 10 - TÍTULO PRINCIPAL
Título principal Discricionariedade, regulação e reflexividade :
Subtítulo uma nova teoria sobre as escolhas administrativas /
Indicação de responsabilidade Sérgio Guerra ; Tercio Sampaio Ferraz Junior, prefácio.
250 ## - EDIÇÃO
Edição 6. ed., rev. e atual.
260 ## - PUBLICAÇÃO, DISTRIBUIÇÃO, ETC.
Local de publicação Belo Horizonte :
Editora Fórum,
Data c2008.
300 ## - DESCRIÇÃO FÍSICA
N. páginas ou volumes 501 p. ;
Dimensões 21 cm
504 ## - NOTA DE BIBLIOGRAFIA, ETC.
Nota de bibliografia Inclui bibliografia.
650 ## - ASSUNTO TÓPICO
Cabeçalho tópico ou nome geográfico Administração pública
Subdivisão geral Regulação
Subdivisão geográfica Brasil
650 ## - ASSUNTO TÓPICO
Cabeçalho tópico ou nome geográfico Serviços públicos
Subdivisão geral Regulação
Subdivisão geográfica Brasil
650 ## - ASSUNTO TÓPICO
Cabeçalho tópico ou nome geográfico Direito regulatório
Subdivisão geográfica Brasil
942 ## - ELEMENTOS DE ENTRADA ADICIONAIS (KOHA)
Fonte de classificação ou esquema de arquivamento Classificação Decimal Universal
Tipo de item do Koha Livros
Holdings
Estado: removido Estado: perdido Fonte de classificação ou esquema de arquivamento Estado: danificado Indisponível para empréstimo Localização permanente Localização atual Data de aquisição Total Checkouts Número de Chamada completo Código de barras Date last seen Número do exemplar Preço efetivo a partir de Tipo de item (Koha)
    Classificação Decimal Universal     Biblioteca da Escola Superior de Contas do TCE/MT Biblioteca da Escola Superior de Contas do TCE/MT 28/06/2023   35.077.2 G934d 6. ed. BIBTCEMT23080160 24/08/2023 Ex. 1 24/08/2023 Livros

Powered by Koha